| 000 | 00721cam a2200265 4500500 | ||
|---|---|---|---|
| 005 | 20260329005254.0 | ||
| 041 | _afre | ||
| 042 | _adc | ||
| 100 | 1 | 0 |
_aDurand, Jean-Marie _eauthor |
| 245 | 0 | 0 | _aLa Démence du percolateur |
| 260 | _c2023. | ||
| 500 | _a74 | ||
| 690 | _abanalité | ||
| 690 | _aConsolation | ||
| 690 | _aMachine | ||
| 690 | _aPhilippe Garnier | ||
| 690 | _aQuotidien | ||
| 690 | _aRéel | ||
| 690 | _aRêve | ||
| 690 | _aRobot | ||
| 690 | _aScience-fiction | ||
| 690 | _aTechnologie | ||
| 786 | 0 | _nPhilosophie magazine | 166 | 1 | 2023-02-01 | p. 67-67 | 1951-1787 | |
| 856 | 4 | 1 | _uhttps://shs.cairn.info/magazine-philosophie-magazine-2023-1-page-67?lang=fr&redirect-ssocas=7080 |
| 999 |
_c1841873 _d1841873 |
||